The Office Trivia #S - Statistics

General Stats
  • This quiz has been taken 46 times
  • The average score is 11 of 15
Answer Stats
Hint Answer % Correct
Where the show takes place Scranton
100%
Salesman Stanley Hudson
97%
Buys and takes over Dunder Mifflin Sabre
88%
What is the group of students called, that Michael promised to pay their tuition. Scott's Tots
88%
Name of Angelas cat that dies under Dwights supervision Sprinkles
82%
Name of Kevins band Scrantonicity
79%
CPR is advised to be performed to the beat of this song Stayin Alive
79%
Branch that gets absorped during the Merger Stamford
76%
David Wallace invention is called Suck It
71%
Andy is appearing in this play Sweeney Todd
62%
Jans sister lives in Scottsdale
50%
If I can't __, then what's this all been about? What am I working toward? -Creed Scuba
50%
Pam wins this Dundie Shiniest sneakers award
50%
To Erin, sex with Gabe feels like " getting tackled by a __" Skeleton
44%
Tobys daughter Sasha
41%
No matching quizzes found
Score Distribution
Percent of People with Each Score
Percentile by Number Answered
Your Score History
You have not taken this quiz